PSV Eindhoven Squad 24/25 - Statistics

General Stats
  • This quiz has been taken 39 times
  • The average score is 21 of 27
Answer Stats
Hint Answer % Correct
#20 Guus Til
100%
#9 Luuk de Jong
100%
#10 Noa Lang
97%
#11 Johan Bakayoko
93%
#22 Jerdy Schouten
90%
#23 Joey Veerman
90%
#4 Armando Obispo
87%
#34 Ismael Saibari
87%
#14 Ricardo Pepi
87%
#8 Sergiño Dest
87%
#5 Ivan Perišić
83%
#7 Malik Tillman
83%
#18 Olivier Boscagli
80%
#37 Richard Ledezma
80%
#6 Ryan Flamingo
80%
#26 Isaac Babadi
77%
#17 Mauro Júnior
77%
#2 Rick Karsdorp
77%
#28 Tygo Land
77%
#1 Walter Benítez
77%
#16 Joël Drommel
73%
#39 Adamo Nagalo
67%
#21 Couhaib Driouech
67%
#24 Niek Schiks
63%
#3 Tyrell Malacia
60%
#19 Esmir Bajraktarević
40%
#27 Lucas Pérez
20%
No matching quizzes found
Score Distribution
Percent of People with Each Score
Percentile by Number Answered
Your Score History
You have not taken this quiz